00656nam a22001817a 450000500170000001000150001702000260003203500140005803700090007208200080008110000400008924500760012925000200020526000770022527001140030230000550041670000030047120240704151343.0 aHIN-127943 a9788194818281c300.00 aHN-100289 bDBAD a420 aसेंगर, इन्द्र aराजभाषा निधि/cइन्द्र,सेंगर aप्रथम aदिल्लीbरचना पब्लिकेशन्सc2022 a30/106 गली नं0. 7 , विश्वास नगर,शाहदरा,bदिल्लीe110032 a174 पृ.c22 सेमी. (सजिल्द)